[Event "4NCL/Div4/OXF3 vs. PONTY"]
[Site "West Bromwich ENG"]
[Date "2006.05.27"]
[Round "9.4"]
[White "James, Dai"]
[Black "Burt, Will"]
[Result "0-1"]
[WhiteElo "1933"]
[BlackElo "1985"]
[PlyCount "70"]
[EventDate "2006.05.27"]
[EventType "team"]
[EventRounds "11"]
[EventCountry "ENG"]
[SourceDate "2006.04.29"]
[WhiteTeam "Pontypridd"]
[BlackTeam "Oxford 3"]

1. e4 e5 2. Nf3 Nc6 3. Bb5 f5 4. d3 Nf6 5. O-O Bc5 6. Nc3 O-O 7. Bg5 Qe8 8.
Bxf6 Rxf6 9. Nh4 Nd4 10. Bc4+ Kh8 11. Nd5 Rh6 12. Nxf5 Nxf5 13. exf5 b5 14.
Nxc7 Qd8 15. Nxb5 Qh4 16. h3 Bb7 17. Qg4 Qf6 18. g3 Qc6 19. Qe4 Rxh3 20. Nc3
Rxg3+ 21. Kh2 Qh6+ 22. Kxg3 Bxe4 23. Nxe4 Qf4+ 24. Kg2 Qg4+ 25. Ng3 Rf8 26. Rh1
h6 27. f3 Qd4 28. Ne4 Rxf5 29. c3 Qe3 30. Raf1 Qe2+ 31. Kg3 Bb6 32. b3 Qe3 33.
Rh4 Bd8 34. Rg4 Kh7 35. Bf7 Rxf7 0-1

[Event "4NCL/Div4/OXF3 vs. PONTY"]
[Site "West Bromwich ENG"]
[Date "2006.05.27"]
[Round "9.5"]
[White "Smith, Jonathan"]
[Black "Lewis, David"]
[Result "1-0"]
[WhiteElo "1935"]
[BlackElo "1757"]
[PlyCount "87"]
[EventDate "2006.05.27"]
[EventType "team"]
[EventRounds "11"]
[EventCountry "ENG"]
[SourceDate "2006.04.29"]
[WhiteTeam "Oxford 3"]
[BlackTeam "Pontypridd"]

1. e4 e6 2. d4 d5 3. Nc3 Bb4 4. e5 c5 5. a3 Bxc3+ 6. bxc3 cxd4 7. cxd4 Ne7 8.
Bd3 b6 9. Qg4 O-O 10. Nf3 Ng6 11. h4 f5 12. Qh5 Qe8 13. Qg5 Qe7 14. Qg3 Ba6 15.
Bxa6 Nxa6 16. h5 Nh8 17. c3 Rac8 18. Bd2 Nc7 19. a4 b5 20. a5 a6 21. Ng5 h6 22.
Nh3 Kh7 23. Nf4 Rg8 24. Ng6 Qf7 25. Nxh8 Rxh8 26. Rh3 Rhg8 27. Qd3 Kh8 28. Qf3
Rcf8 29. Qf4 Kh7 30. Ke2 Ne8 31. Rah1 Nc7 32. Rg3 Rh8 33. Rg6 Kg8 34. Rh3 Rh7
35. Rf3 Ne8 36. Qg3 Kh8 37. Qh4 Qg8 38. Qe7 Qf7 39. Qxe6 Qxe6 40. Rxe6 Nc7 41.
Rc6 Rf7 42. g4 f4 43. Rxf4 Re7 44. Rf8# 1-0

[Event "4NCL/Div4/OXF3 vs. PONTY"]
[Site "West Bromwich ENG"]
[Date "2006.05.27"]
[Round "9.6"]
[White "Warden, Peter"]
[Black "Levicki, Jeffrey"]
[Result "0-1"]
[WhiteElo "1378"]
[BlackElo "1880"]
[PlyCount "76"]
[EventDate "2006.05.27"]
[EventType "team"]
[EventRounds "11"]
[EventCountry "ENG"]
[SourceDate "2006.04.29"]
[WhiteTeam "Pontypridd"]
[BlackTeam "Oxford 3"]

1. e4 c5 2. Nf3 d6 3. Bc4 Nf6 4. d3 e6 5. c3 Be7 6. a3 Nc6 7. Be3 Na5 8. Ba2
Bd7 9. Qc2 Rc8 10. Nbd2 Ng4 11. Ke2 Nxe3 12. fxe3 Bf6 13. Rag1 b5 14. b4 cxb4
15. c4 bxa3 16. d4 e5 17. d5 Qb6 18. Rb1 b4 19. Rhc1 Be7 20. h3 Rb8 21. Nb3 Nb7
22. Qd2 f6 23. g4 a5 24. Na1 Nc5 25. Nc2 Nxe4 26. Qd3 Nc5 27. Qd2 Qa7 28. Na1
O-O 29. Nb3 f5 30. Nxc5 Qxc5 31. Bb3 fxg4 32. hxg4 Bxg4 33. Rf1 e4 34. Bc2
Bxf3+ 35. Rxf3 exf3+ 36. Kd3 f2 37. Ke2 Qxc4+ 38. Bd3 Qg4+ 0-1

[Event "4NCL/Div4/HAL vs. CELT"]
[Site "West Bromwich ENG"]
[Date "2006.05.27"]
[Round "9.1"]
[White "Ambrose, Andy"]
[Black "Thomas, Robert K"]
[Result "1/2-1/2"]
[WhiteElo "1920"]
[BlackElo "2140"]
[PlyCount "49"]
[EventDate "2006.05.27"]
[EventType "team"]
[EventRounds "11"]
[EventCountry "ENG"]
[SourceDate "2006.04.29"]
[WhiteTeam "Halesowen"]
[BlackTeam "Celtic Tigers"]

1. e4 e6 2. d4 d5 3. Nd2 Nf6 4. e5 Nfd7 5. f4 c5 6. c3 Nc6 7. Ndf3 cxd4 8. cxd4
Bb4+ 9. Kf2 O-O 10. g3 f6 11. Kg2 a6 12. Bd3 b5 13. Qc2 Ne7 14. Bxh7+ Kh8 15.
Bd3 f5 16. Ng5 Nb8 17. Qe2 Qe8 18. Be3 Bd7 19. Rc1 Ng8 20. N1f3 Nh6 21. h3 Nc6
22. Qf2 g6 23. g4 Kg7 24. Qg3 Ne7 25. Rc2 1/2-1/2

[Event "4NCL/Div4/HAL vs. CELT"]
[Site "West Bromwich ENG"]
[Date "2006.05.27"]
[Round "9.2"]
[White "Haldane, Robin"]
[Black "Peck, Windsor W"]
[Result "1-0"]
[WhiteElo "2105"]
[BlackElo "1910"]
[PlyCount "81"]
[EventDate "2006.05.27"]
[EventType "team"]
[EventRounds "11"]
[EventCountry "ENG"]
[SourceDate "2006.04.29"]
[WhiteTeam "Celtic Tigers"]
[BlackTeam "Halesowen"]

1. e4 e6 2. d4 d5 3. Nc3 Nf6 4. e5 Nfd7 5. Qh5 c5 6. Nf3 a6 7. Bg5 Qb6 8. O-O-O
Nc6 9. Nxd5 exd5 10. e6 g6 11. exd7+ Bxd7 12. Qh4 Bg7 13. Bf6 O-O 14. Ne5 Nxe5
15. dxe5 Be6 16. g4 d4 17. Rd3 Qa5 18. Be2 Qxa2 19. Ra3 Qd5 20. Rg1 Qe4 21. Rh3
Qf4+ 22. Kb1 h6 23. Bd3 c4 24. Bf5 Bd5 25. g5 Qxh4 26. Rxh4 h5 27. Rxd4 Bc6 28.
Bd7 Bxf6 29. gxf6 Bxd7 30. Rxd7 b5 31. e6 Kh7 32. Rgd1 g5 33. e7 Rfe8 34. Rd8
Kg6 35. Rxa8 Rxa8 36. Rd8 Kxf6 37. e8=Q Rxd8 38. Qxd8+ Kf5 39. Qd6 Kg4 40. Kc1
f5 41. Qg3# 1-0

[Event "4NCL/Div4/HAL vs. CELT"]
[Site "West Bromwich ENG"]
[Date "2006.05.27"]
[Round "9.3"]
[White "Pitt, Chris W"]
[Black "Evans, Craig"]
[Result "1/2-1/2"]
[WhiteElo "1870"]
[BlackElo "1954"]
[PlyCount "37"]
[EventDate "2006.05.27"]
[EventType "team"]
[EventRounds "11"]
[EventCountry "ENG"]
[SourceDate "2006.04.29"]
[WhiteTeam "Halesowen"]
[BlackTeam "Celtic Tigers"]

1. e4 e5 2. Nf3 Nc6 3. Bb5 f5 4. d3 fxe4 5. dxe4 Nf6 6. Nc3 d6 7. Bg5 Be7 8.
Bxf6 Bxf6 9. Qd5 Bd7 10. O-O-O Qe7 11. Kb1 O-O-O 12. Rhe1 a6 13. Bf1 Be6 14.
Qd2 Rhf8 15. Nd5 Bxd5 16. Qxd5 Nd4 17. Re3 Nxf3 18. Rxf3 Bg5 19. Rxf8 1/2-1/2

[Event "4NCL/Div4/HAL vs. CELT"]
[Site "West Bromwich ENG"]
[Date "2006.05.27"]
[Round "9.4"]
[White "Kitchen, Peter J"]
[Black "Llewelyn, John D"]
[Result "1/2-1/2"]
[WhiteElo "1716"]
[BlackElo "1795"]
[PlyCount "70"]
[EventDate "2006.05.27"]
[EventType "team"]
[EventRounds "11"]
[EventCountry "ENG"]
[SourceDate "2006.04.29"]
[WhiteTeam "Celtic Tigers"]
[BlackTeam "Halesowen"]

1. e4 e5 2. Nf3 Nc6 3. Bb5 a6 4. Ba4 d6 5. O-O g6 6. c3 Bg7 7. Re1 Nh6 8. d4 b5
9. Bb3 f6 10. dxe5 Nxe5 11. Nxe5 dxe5 12. Qxd8+ Kxd8 13. Rd1+ Ke7 14. Bd5 Rd8
15. Be3 Be6 16. Bc5+ Kf7 17. Bxe6+ Kxe6 18. Na3 f5 19. exf5+ gxf5 20. f4 e4 21.
Nc2 Nf7 22. Kf2 Rxd1 23. Rxd1 Rd8 24. Rxd8 Nxd8 25. Bd4 Bf6 26. Bxf6 Kxf6 27.
Ne3 c6 28. b4 Nb7 29. h3 h5 30. Kg3 a5 31. a3 a4 32. Kh4 Kg6 33. g4 hxg4 34.
hxg4 fxg4 35. Kxg4 Kf6 1/2-1/2

[Event "4NCL/Div4/HAL vs. CELT"]
[Site "West Bromwich ENG"]
[Date "2006.05.27"]
[Round "9.5"]
[White "Curry, Don S"]
[Black "Kitchen, Michael J"]
[Result "0-1"]
[WhiteElo "1755"]
[BlackElo "1765"]
[PlyCount "128"]
[EventDate "2006.05.27"]
[EventType "team"]
[EventRounds "11"]
[EventCountry "ENG"]
[SourceDate "2006.04.29"]
[WhiteTeam "Halesowen"]
[BlackTeam "Celtic Tigers"]

1. e4 e6 2. d4 d5 3. Nd2 Nf6 4. e5 Nfd7 5. Bd3 c5 6. c3 Nc6 7. Ne2 cxd4 8. cxd4
Qb6 9. Nf3 Bb4+ 10. Bd2 Bxd2+ 11. Qxd2 Nb4 12. Bb1 h6 13. O-O a6 14. a3 Nc6 15.
Nc3 Na5 16. Ba2 Nb3 17. Bxb3 Qxb3 18. Na2 Nb6 19. Qb4 Qxb4 20. Nxb4 O-O 21. b3
a5 22. Nd3 Nd7 23. Rac1 b6 24. Rfe1 Ba6 25. Nb2 Rac8 26. Na4 Bb5 27. Nc3 Ba6
28. Nd2 b5 29. b4 a4 30. Ne2 Rxc1 31. Rxc1 Rc8 32. Rxc8+ Bxc8 33. Nc1 Nb6 34.
Nd3 g5 35. h4 Kg7 36. hxg5 hxg5 37. Kh2 Nc4 38. Nb1 f6 39. exf6+ Kxf6 40. g4 e5
41. dxe5+ Nxe5 42. Nxe5 Kxe5 43. Nc3 Bd7 44. f3 d4 45. Nd1 Kf4 46. Kg2 Bc6 47.
Kf2 Bxf3 48. Nb2 Bxg4 49. Nd3+ Ke4 50. Nc5+ Kf4 51. Nd3+ Kf5 52. Kg3 Be2 53.
Ne1 Ke4 54. Kf2 Bc4 55. Nf3 g4 56. Nd2+ Kd3 57. Ke1 g3 58. Nf3 Bd5 59. Ne5+ Kc2
60. Ke2 g2 61. Nd3 g1=Q 62. Ne1+ Kb3 63. Nc2 Qg2+ 64. Ke1 Qxc2 0-1

[Event "4NCL/Div4/HAL vs. CELT"]
[Site "West Bromwich ENG"]
[Date "2006.05.27"]
[Round "9.6"]
[White "Larter, Nick"]
[Black "Evans, Joyce"]
[Result "1-0"]
[WhiteElo "1600"]
[BlackElo "1440"]
[PlyCount "61"]
[EventDate "2006.05.27"]
[EventType "team"]
[EventRounds "11"]
[EventCountry "ENG"]
[SourceDate "2006.04.29"]
[WhiteTeam "Celtic Tigers"]
[BlackTeam "Halesowen"]

1. e4 e5 2. Bc4 Bc5 3. b4 Bb6 4. a4 a6 5. Nf3 d6 6. d4 exd4 7. c3 Nf6 8. O-O
O-O 9. Re1 Re8 10. Ng5 d5 11. exd5 Nxd5 12. Rxe8+ Qxe8 13. Bxd5 Be6 14. Bxb7
Ra7 15. Nxe6 Qxe6 16. Bf3 Nd7 17. a5 Ne5 18. axb6 Nxf3+ 19. gxf3 cxb6 20. Bf4
h6 21. cxd4 g5 22. Bg3 b5 23. d5 Qf6 24. Nd2 Rd7 25. Ne4 Qb6 26. d6 f5 27. Nf6+
Kf7 28. Nxd7 Qd8 29. Qd5+ Kg6 30. Qe6+ Kh5 31. Qf7# 1-0

[Event "4NCL/Div4/GUI5 vs. ATH2"]
[Site "West Bromwich ENG"]
[Date "2006.05.27"]
[Round "9.2"]
[White "Hussain, Adrian"]
[Black "Bryant, Richard"]
[Result "0-1"]
[WhiteElo "1735"]
[BlackElo "2060"]
[PlyCount "72"]
[EventDate "2006.05.27"]
[EventType "team"]
[EventRounds "11"]
[EventCountry "ENG"]
[SourceDate "2006.04.29"]
[WhiteTeam "Athenaeum 2"]
[BlackTeam "Guildford-ADC 5"]

1. e4 c5 2. Nf3 e6 3. c3 d5 4. e5 Nc6 5. d4 Qa5 6. Nbd2 c4 7. g3 Be7 8. Bg2 Nh6
9. O-O O-O 10. Re1 b5 11. Nf1 Nf5 12. Ne3 Nxe3 13. Bxe3 b4 14. Qd2 Rb8 15. h4
Bd7 16. Nh2 Rb7 17. Rec1 Rfb8 18. Bf3 bxc3 19. bxc3 Ba3 20. Rc2 Bb2 21. Re1
Qxa2 22. Ng4 Kf8 23. Nf6 Ne7 24. Nxh7+ Ke8 25. Bg5 Ba4 26. Rcc1 Qa3 27. Bh5
Bxc1 28. Rxc1 Qxc1+ 29. Qxc1 Rb1 30. Kg2 Rxc1 31. Bxc1 Rb3 32. Bd2 Rb2 33. Be1
Bc2 34. Ng5 g6 35. Bf3 a5 36. Bg4 a4 0-1

[Event "4NCL/Div4/GUI5 vs. ATH2"]
[Site "West Bromwich ENG"]
[Date "2006.05.27"]
[Round "9.3"]
[White "Jones, H Trevor"]
[Black "Foster, James M"]
[Result "1/2-1/2"]
[WhiteElo "1930"]
[BlackElo "1635"]
[PlyCount "147"]
[EventDate "2006.05.27"]
[EventType "team"]
[EventRounds "11"]
[EventCountry "ENG"]
[SourceDate "2006.04.29"]
[WhiteTeam "Guildford-ADC 5"]
[BlackTeam "Athenaeum 2"]

1. c4 e5 2. Nc3 Nf6 3. g3 c6 4. Bg2 d5 5. cxd5 cxd5 6. Qb3 e4 7. d4 Nc6 8. e3
Nb4 9. f3 Nd3+ 10. Ke2 Nxc1+ 11. Rxc1 exf3+ 12. Nxf3 Be7 13. Ne5 O-O 14. Nxd5
Be6 15. Nxe7+ Qxe7 16. Qc2 Ng4 17. Nxg4 Bxg4+ 18. Bf3 Bxf3+ 19. Kxf3 Rfe8 20.
Rhe1 Qf6+ 21. Kg2 Qe6 22. b3 Rac8 23. Qf2 Qe4+ 24. Qf3 Rc2+ 25. Rxc2 Qxc2+ 26.
Re2 Qd3 27. d5 f6 28. e4 Qa6 29. Rc2 Kf8 30. Qe2 Qd6 31. Qc4 Qe5 32. Qb4+ Re7
33. Rc8+ Kf7 34. d6 Rd7 35. Qc4+ Kg6 36. Qd5 Qxd5 37. exd5 Rxd6 38. Rc7 Rxd5
39. Rxb7 Rd2+ 40. Kh3 Rxa2 41. g4 Rb2 42. Rxa7 Rxb3+ 43. Kg2 h6 44. h3 Rb5 45.
Kg3 h5 46. Ra3 Rg5 47. Kf4 h4 48. Rb3 Re5 49. Ra3 Kh6 50. Rb3 g5+ 51. Kf3 Kg6
52. Kf2 Re4 53. Ra3 Rc4 54. Kf3 Rd4 55. Rb3 Kf7 56. Re3 Rd5 57. Kf2 Re5 58. Ra3
f5 59. gxf5 Rxf5+ 60. Kg2 Re5 61. Ra6 Re6 62. Ra5 Kf6 63. Kf3 Re1 64. Ra6+ Kf5
65. Ra5+ Re5 66. Ra8 Re6 67. Ra5+ Kg6 68. Rb5 Ra6 69. Rc5 Kh5 70. Rb5 Ra3+ 71.
Kg2 Ra2+ 72. Kg1 Ra3 73. Kg2 Rg3+ 74. Kh2 1/2-1/2

[Event "4NCL/Div4/GUI5 vs. ATH2"]
[Site "West Bromwich ENG"]
[Date "2006.05.27"]
[Round "9.4"]
[White "Sant, Maria"]
[Black "Morris, Claire H"]
[Result "0-1"]
[WhiteElo "1435"]
[BlackElo "1920"]
[PlyCount "50"]
[EventDate "2006.05.27"]
[EventType "team"]
[EventRounds "11"]
[EventCountry "ENG"]
[SourceDate "2006.04.29"]
[WhiteTeam "Athenaeum 2"]
[BlackTeam "Guildford-ADC 5"]

1. e4 e5 2. Nf3 Nc6 3. Bc4 Bc5 4. O-O Nf6 5. d3 d6 6. Bg5 h6 7. Bxf6 gxf6 8.
Nc3 Be6 9. Bxe6 fxe6 10. Nh4 h5 11. Ng6 Rh6 12. Nh4 f5 13. Ng6 Qf6 14. Nb5
O-O-O 15. exf5 exf5 16. Nxe5 dxe5 17. Qd2 Rg8 18. d4 Nxd4 19. Qa5 Bb6 20. Qb4
Qg5 21. g3 Nf3+ 22. Kg2 Nxh2 23. Rfd1 Bxf2 24. Qc4 Qxg3+ 25. Kh1 Qg2# 0-1

[Event "4NCL/Div4/PAP vs. MET"]
[Site "West Bromwich ENG"]
[Date "2006.05.28"]
[Round "10.1"]
[White "Summerscale, Aaron"]
[Black "Djabri, Zafer M"]
[Result "1-0"]
[WhiteElo "2432"]
[BlackElo "2080"]
[PlyCount "63"]
[EventDate "2006.05.28"]
[EventType "team"]
[EventRounds "11"]
[EventCountry "ENG"]
[SourceDate "2006.05.01"]
[WhiteTeam "Pride+Prejudice"]
[BlackTeam "Metropolitan"]

1. d4 d5 2. Bf4 Nf6 3. e3 Bf5 4. c4 e6 5. Nc3 c6 6. Qb3 Qb6 7. c5 Qxb3 8. axb3
Nbd7 9. b4 Nh5 10. Be5 Nhf6 11. Bg3 Nh5 12. b5 Nxg3 13. hxg3 e5 14. Nf3 f6 15.
Be2 Bg4 16. Nd2 Bxe2 17. Kxe2 Be7 18. bxc6 bxc6 19. b4 a6 20. b5 cxb5 21. Nxb5
Kf7 22. Nc7 Ra7 23. Nxd5 h6 24. Rhb1 Rc8 25. Nc4 exd4 26. exd4 Nf8 27. Nxe7
Kxe7 28. Rb6 Ne6 29. Kd3 Rd7 30. Rxe6+ Kxe6 31. Nb6 Rc6 32. Re1+ 1-0

[Event "4NCL/Div4/PAP vs. MET"]
[Site "West Bromwich ENG"]
[Date "2006.05.28"]
[Round "10.2"]
[White "Calvert, D Ian"]
[Black "Hunt, Harriet"]
[Result "0-1"]
[WhiteElo "2075"]
[BlackElo "2352"]
[PlyCount "88"]
[EventDate "2006.05.28"]
[EventType "team"]
[EventRounds "11"]
[EventCountry "ENG"]
[SourceDate "2006.05.01"]
[WhiteTeam "Metropolitan"]
[BlackTeam "Pride+Prejudice"]

1. b3 e5 2. Bb2 Nc6 3. e3 d6 4. Nf3 f5 5. d4 e4 6. d5 Nb4 7. Ng1 Nf6 8. Nc3 c6
9. dxc6 bxc6 10. a3 Na6 11. b4 Nc7 12. Bc4 d5 13. Bb3 Bd6 14. Nce2 O-O 15. c4
Kh8 16. c5 Be7 17. Nd4 Bd7 18. h3 Qe8 19. Nge2 Nh5 20. g3 Rb8 21. Qd2 Ne6 22.
Nxe6 Bxe6 23. Nf4 Bd7 24. Nxh5 Qxh5 25. Bd1 Qh6 26. Be2 a5 27. h4 axb4 28. axb4
Ra8 29. Rxa8 Rxa8 30. Be5 Bf6 31. Bxf6 Qxf6 32. O-O h6 33. Rc1 Kh7 34. b5 cxb5
35. Qxd5 Bc6 36. Qd4 Ra2 37. Qxf6 gxf6 38. Kf1 Rb2 39. Ke1 Kg7 40. Kd1 b4 41.
Ra1 b3 42. Ra7+ Kf8 43. Bc4 Rb1+ 44. Kd2 b2 0-1

[Event "4NCL/Div4/PAP vs. MET"]
[Site "West Bromwich ENG"]
[Date "2006.05.28"]
[Round "10.3"]
[White "Sheldon, Ruth"]
[Black "Noden, Nicolas"]
[Result "1-0"]
[WhiteElo "2256"]
[BlackElo "2150"]
[PlyCount "65"]
[EventDate "2006.05.28"]
[EventType "team"]
[EventRounds "11"]
[EventCountry "ENG"]
[SourceDate "2006.05.01"]
[WhiteTeam "Pride+Prejudice"]
[BlackTeam "Metropolitan"]

1. d4 d6 2. Nf3 g6 3. c4 Nf6 4. Nc3 Bg7 5. e4 O-O 6. Be2 e5 7. d5 a5 8. Be3 Ng4
9. Bg5 f6 10. Bh4 h5 11. Nd2 Na6 12. a3 Bd7 13. O-O Qe8 14. b3 f5 15. Bg5 f4
16. b4 axb4 17. axb4 Nf6 18. c5 Nxb4 19. cxd6 cxd6 20. Qb3 Na6 21. Qxb7 Nc5 22.
Qb6 Qe7 23. Nc4 Rab8 24. Qxd6 Qxd6 25. Nxd6 Rb3 26. Rfc1 Rfb8 27. f3 Nh7 28.
Bh4 Rb2 29. Rab1 Bf8 30. Nc4 R2b3 31. Rxb3 Rxb3 32. Nxe5 Be8 33. Bc4 1-0

[Event "4NCL/Div4/PAP vs. MET"]
[Site "West Bromwich ENG"]
[Date "2006.05.28"]
[Round "10.4"]
[White "Dickson, George"]
[Black "Forbes, Cathy"]
[Result "1-0"]
[WhiteElo "2090"]
[BlackElo "2075"]
[PlyCount "97"]
[EventDate "2006.05.28"]
[EventType "team"]
[EventRounds "11"]
[EventCountry "ENG"]
[SourceDate "2006.05.01"]
[WhiteTeam "Metropolitan"]
[BlackTeam "Pride+Prejudice"]

1. e4 c5 2. c3 d5 3. exd5 Qxd5 4. d4 e6 5. Nf3 Nf6 6. Bd3 Be7 7. O-O O-O 8. Qe2
Bd7 9. Bf4 Bc6 10. c4 Qh5 11. d5 Bd7 12. d6 Bd8 13. Nc3 Nc6 14. Rfe1 Re8 15.
Ne5 Qxe2 16. Rxe2 Nxe5 17. Bxe5 Rc8 18. h3 Bc6 19. Nb5 Bxb5 20. cxb5 Nd7 21.
Bc3 Bf6 22. Be4 Rb8 23. Rd1 Red8 24. Rc2 Bxc3 25. Rxc3 f5 26. Bf3 Kf7 27. b4 b6
28. Ra3 cxb4 29. Rxa7 Kf6 30. Bc6 Nc5 31. f4 h6 32. Kf2 g5 33. g3 Ne4+ 34. Bxe4
fxe4 35. Ke3 e5 36. fxe5+ Kxe5 37. Re7+ Kf6 38. Rf1+ Kg6 39. Re6+ Kh5 40. Rff6
Rh8 41. Kxe4 Ra8 42. d7 Rad8 43. g4+ Kh4 44. Rxh6+ Rxh6 45. Rxh6+ Kg3 46. Rh7
Kf2 47. Kd5 Ke3 48. Re7+ Kd3 49. Kc6 1-0

[Event "4NCL/Div4/PAP vs. MET"]
[Site "West Bromwich ENG"]
[Date "2006.05.28"]
[Round "10.5"]
[White "Lang, Heather"]
[Black "Fegan, Chris"]
[Result "0-1"]
[WhiteElo "2040"]
[BlackElo "2115"]
[PlyCount "80"]
[EventDate "2006.05.28"]
[EventType "team"]
[EventRounds "11"]
[EventCountry "ENG"]
[SourceDate "2006.05.01"]
[WhiteTeam "Pride+Prejudice"]
[BlackTeam "Metropolitan"]

1. e4 d6 2. d4 Nf6 3. Nc3 g6 4. Bc4 Bg7 5. Qe2 Nc6 6. e5 Nd7 7. Nf3 Nb6 8. Bb3
O-O 9. Bf4 Bg4 10. Rd1 Na5 11. h3 Bxf3 12. Qxf3 Nxb3 13. axb3 Qc8 14. O-O Qf5
15. Qe4 Qxe4 16. Nxe4 h6 17. Rfe1 Rfd8 18. Kf1 a5 19. Nc3 Kf8 20. Ra1 dxe5 21.
Bxe5 Bxe5 22. dxe5 Nd5 23. Red1 Nxc3 24. bxc3 Rxd1+ 25. Rxd1 Ke8 26. Rd4 b5 27.
Rd1 a4 28. bxa4 bxa4 29. Ra1 Kd7 30. Ke2 Ke6 31. Kd3 Kxe5 32. Kc4 a3 33. Ra2 f5
34. Kb3 Kd5 35. c4+ Kc5 36. c3 Rb8+ 37. Ka4 Kxc4 38. Kxa3 Ra8+ 39. Kb2 Rxa2+
40. Kxa2 Kxc3 0-1

[Event "4NCL/Div4/PAP vs. MET"]
[Site "West Bromwich ENG"]
[Date "2006.05.28"]
[Round "10.6"]
[White "Fogarasi, Norbert"]
[Black "Kieran, Rosalind A"]
[Result "1-0"]
[WhiteElo "2120"]
[BlackElo "2015"]
[PlyCount "55"]
[EventDate "2006.05.28"]
[EventType "team"]
[EventRounds "11"]
[EventCountry "ENG"]
[SourceDate "2006.05.01"]
[WhiteTeam "Metropolitan"]
[BlackTeam "Pride+Prejudice"]

1. e4 c5 2. Nc3 Nc6 3. f4 g6 4. Nf3 Bg7 5. Bb5 Nd4 6. O-O e6 7. a4 Ne7 8. Ne2
a6 9. Bd3 d5 10. Nexd4 cxd4 11. e5 Nc6 12. b3 O-O 13. Qe2 f6 14. Bb2 Qc7 15.
Rae1 Qb6 16. Kh1 Bd7 17. Nxd4 Nb4 18. Nf3 Rac8 19. exf6 Bxf6 20. Bxf6 Rxf6 21.
Ne5 Qd6 22. c3 Nxd3 23. Qxd3 Rcf8 24. g3 Rf5 25. Qd4 Qe7 26. c4 Bc6 27. c5 g5
28. Ng4 1-0

[Event "4NCL/Div4/GUI4 vs. BRJ"]
[Site "West Bromwich ENG"]
[Date "2006.05.28"]
[Round "10.1"]
[White "Abayasekera, Roger"]
[Black "Richmond, Peter A"]
[Result "1/2-1/2"]
[WhiteElo "2185"]
[BlackElo "2240"]
[PlyCount "50"]
[EventDate "2006.05.28"]
[EventType "team"]
[EventRounds "11"]
[EventCountry "ENG"]
[SourceDate "2006.05.01"]
[WhiteTeam "Guildford-ADC 4"]
[BlackTeam "Brown Jack"]

1. Nf3 d5 2. c4 e6 3. g3 Nf6 4. Bg2 Be7 5. O-O O-O 6. d4 dxc4 7. Qc2 a6 8. Qxc4
b5 9. Qc2 Bb7 10. Bd2 Nbd7 11. Ba5 Rc8 12. Rc1 Nb6 13. Nbd2 c5 14. dxc5 Rxc5
15. Qb3 Qc8 16. Rxc5 Qxc5 17. Qc3 Qxc3 18. Bxc3 Rc8 19. Ne1 Bxg2 20. Kxg2 Nbd5
21. Bd4 Nb4 22. Nb3 Kf8 23. a3 Nbd5 24. Rc1 Rxc1 25. Nxc1 Nd7 1/2-1/2

[Event "4NCL/Div4/GUI4 vs. BRJ"]
[Site "West Bromwich ENG"]
[Date "2006.05.28"]
[Round "10.2"]
[White "Bourne, Johnathan"]
[Black "Allinson, Julian"]
[Result "1/2-1/2"]
[WhiteElo "2145"]
[BlackElo "2205"]
[PlyCount "80"]
[EventDate "2006.05.28"]
[EventType "team"]
[EventRounds "11"]
[EventCountry "ENG"]
[SourceDate "2006.05.01"]
[WhiteTeam "Brown Jack"]
[BlackTeam "Guildford-ADC 4"]

1. d4 d5 2. Bg5 c6 3. e3 h6 4. Bh4 Qb6 5. Qc1 e5 6. Nf3 e4 7. Nfd2 Ne7 8. c4
Nf5 9. Bg3 Nxg3 10. hxg3 Be6 11. Nc3 Nd7 12. c5 Qc7 13. b4 f5 14. Be2 Kf7 15.
a4 Be7 16. Nb3 g6 17. b5 h5 18. Kd2 Nf6 19. Qf1 Kg7 20. Rb1 Ng4 21. f4 exf3 22.
gxf3 Nh6 23. f4 Ng8 24. bxc6 bxc6 25. Nc1 Nf6 26. Bf3 Ne4+ 27. Bxe4 dxe4 28.
Qa6 Rab8 29. N1e2 Rhd8 30. Rxb8 Rxb8 31. Rb1 Rxb1 32. Nxb1 Bc8 33. Qc4 Qd7 34.
Nbc3 Bd8 35. Kc2 Qe6 36. Qb4 Bc7 37. d5 cxd5 38. Qd4+ Kg8 39. Nxd5 Bd8 40. Nec3
Bb7 1/2-1/2

[Event "4NCL/Div4/GUI4 vs. BRJ"]
[Site "West Bromwich ENG"]
[Date "2006.05.28"]
[Round "10.3"]
[White "Punnett, Alan K"]
[Black "Haydon, Richard"]
[Result "1/2-1/2"]
[WhiteElo "2155"]
[BlackElo "2185"]
[PlyCount "95"]
[EventDate "2006.05.28"]
[EventType "team"]
[EventRounds "11"]
[EventCountry "ENG"]
[SourceDate "2006.05.01"]
[WhiteTeam "Guildford-ADC 4"]
[BlackTeam "Brown Jack"]

1. d4 g6 2. c4 Bg7 3. Nc3 d6 4. e4 Nc6 5. Nf3 Bg4 6. Be3 e5 7. dxe5 dxe5 8.
Qxd8+ Rxd8 9. Nb5 Rd7 10. Nxa7 Nb4 11. Rc1 Nxa2 12. Rd1 Rxd1+ 13. Kxd1 Nf6 14.
Kc2 Nb4+ 15. Kb3 c5 16. Nxe5 Bd1+ 17. Ka3 Nc2+ 18. Ka2 Nxe3 19. fxe3 Bc2 20.
Bd3 Bxd3 21. Nxd3 Nxe4 22. Nb5 O-O 23. Rd1 Rd8 24. Nc7 Be5 25. Nd5 Bxh2 26. Rh1
Bg3 27. Rh3 Bd6 28. Kb3 f5 29. Kc2 Kg7 30. N3f4 Ra8 31. Rh1 Ng5 32. Rd1 Re8 33.
Ra1 Bxf4 34. exf4 Ne6 35. Ra7 Rb8 36. Kb3 Nd4+ 37. Kc3 Nc6 38. Ra1 Re8 39. g3
Re4 40. Ra8 Ne7 41. Rb8 Nxd5+ 42. cxd5 Rd4 43. Rxb7+ Kf6 44. Rxh7 Rxd5 45. Rc7
Rd1 46. Rc6+ Kf7 47. Rxc5 Rg1 48. Rc7+ 1/2-1/2

[Event "4NCL/Div4/GUI4 vs. BRJ"]
[Site "West Bromwich ENG"]
[Date "2006.05.28"]
[Round "10.4"]
[White "Richmond, Jane"]
[Black "Hill, David F"]
[Result "1/2-1/2"]
[WhiteElo "2090"]
[BlackElo "2070"]
[PlyCount "99"]
[EventDate "2006.05.28"]
[EventType "team"]
[EventRounds "11"]
[EventCountry "ENG"]
[SourceDate "2006.05.01"]
[WhiteTeam "Brown Jack"]
[BlackTeam "Guildford-ADC 4"]

1. e4 c5 2. Nf3 d6 3. c3 Nf6 4. Be2 Bd7 5. d3 Bc6 6. O-O Nbd7 7. Re1 e6 8. Bf1
Qc7 9. Nbd2 d5 10. e5 Ng4 11. d4 cxd4 12. cxd4 a5 13. Ng5 Nh6 14. Ndf3 g6 15.
Bd3 Bg7 16. Qe2 Ng8 17. b3 Ne7 18. Nxf7 Kxf7 19. Ng5+ Kg8 20. Nxe6 Qc8 21. Ba3
Bf8 22. Qf3 Nf5 23. Nxf8 Nxf8 24. e6 Nxe6 25. Bxf5 Nxd4 26. Bxc8 Nxf3+ 27. gxf3
Rxc8 28. Bb2 Rd8 29. Re7 d4 30. Rd1 h6 31. Rxd4 Rxd4 32. Bxd4 Rh7 33. Re6 g5
34. Rg6+ Kf7 35. Rf6+ Ke7 36. h3 a4 37. Kh2 axb3 38. axb3 Bd5 39. b4 Be6 40.
Kg3 Kd6 41. Rf8 Kd5 42. Be3 Ke5 43. b5 Rg7 44. Re8 Kf5 45. Rf8+ Rf7 46. Rh8 Kg6
47. Rg8+ Kh5 48. Rd8 Bd7 49. b6 Bc6 50. Rh8 1/2-1/2

[Event "4NCL/Div4/GUI4 vs. BRJ"]
[Site "West Bromwich ENG"]
[Date "2006.05.28"]
[Round "10.5"]
[White "Stimpson, Philip M"]
[Black "Hall, Daniel J"]
[Result "0-1"]
[WhiteElo "2090"]
[BlackElo "2080"]
[PlyCount "102"]
[EventDate "2006.05.28"]
[EventType "team"]
[EventRounds "11"]
[EventCountry "ENG"]
[SourceDate "2006.05.01"]
[WhiteTeam "Guildford-ADC 4"]
[BlackTeam "Brown Jack"]

1. e4 d5 2. exd5 Nf6 3. Bb5+ Nbd7 4. c4 a6 5. Ba4 b5 6. cxb5 Nxd5 7. Nc3 Bb7 8.
Nf3 e6 9. O-O Bd6 10. d4 Nf4 11. Bxf4 Bxf4 12. d5 O-O 13. bxa6 Rxa6 14. Bc6
Bxc6 15. dxc6 Nb8 16. Qxd8 Rxd8 17. Rfd1 Nxc6 18. Rxd8+ Nxd8 19. Rd1 Bd6 20.
Ne5 Kf8 21. Nc4 Ke7 22. Nxd6 cxd6 23. Kf1 Nc6 24. a3 Ne5 25. Rd4 Rb6 26. b4 Rc6
27. Nb5 d5 28. a4 Rc1+ 29. Ke2 Nc4 30. Rd3 Rc2+ 31. Ke1 Rc1+ 32. Ke2 Rc2+ 33.
Ke1 Rb2 34. Nd4 Kd7 35. Rb3 e5 36. Rxb2 Nxb2 37. Nf3 e4 38. Ng5 f6 39. Nxh7 Ke7
40. h4 Kf7 41. b5 Nxa4 42. Kd2 d4 43. g4 Kg8 44. Nxf6+ gxf6 45. h5 Kg7 46. Kc2
Nc5 47. b6 Kh6 48. Kd2 f5 49. gxf5 Kxh5 50. f3 exf3 51. Ke1 d3 0-1